Chemistry/ (Record no. 186220)

MARC details
000 -LEADER
fixed length control field 00613nam a22001937a 4500
005 - DATE AND TIME OF LATEST TRANSACTION
control field 20220217115034.0
010 ## - LCCN (DPL NO)
LC control number ENG-131651
020 ## - INTERNATIONAL STANDARD BOOK NUMBER
International Standard Book Number 9788194878209
Terms of availability 343.00
035 ## - SYSTEM CONTROL NUMBER
System control number EN-115183
037 ## - SOURCE OF ACQUISITION
Source of stock number/acquisition DBAD
082 ## - DEWEY DECIMAL CLASSIFICATION NUMBER
Classification number 540
100 ## - MAIN ENTRY--PERSONAL NAME
Personal name Rani, V. Anitha
245 ## - TITLE STATEMENT
Title Chemistry/
Statement of responsibility, etc V. Anitha Rani, V.N.S.R. Venkateswara Rao
260 ## - PUBLICATION, DISTRIBUTION, ETC. (IMPRINT)
Place of publication, distribution, etc Hyderabad
Name of publisher, distributor, etc Spectrum Publishing House
Date of publication, distribution, etc 2021
270 ## - ADDRESS
Address # 326/C, III Floor, Surneni Nilayam Near B K Guda Park, S R Nagar
City Hyderabad
Postal code 500038
300 ## - PHYSICAL DESCRIPTION
Extent 352p.
Dimensions 24cm(pbk)
700 ## - ADDED ENTRY--PERSONAL NAME
Personal name Rao, V.N.S.R. Venkateswara
942 ## - ADDED ENTRY ELEMENTS (KOHA)
Source of classification or shelving scheme Dewey Decimal Classification
Item type English Books
Classification part 540
Call number suffix RAN
Holdings
Withdrawn status Lost status Not for loan Collection code Home library Current library Date acquired Source of acquisition Cost, normal purchase price Full call number Barcode Copy number Cost, replacement price Koha item type
      Non-fiction Bawana Bawana 17/02/2022 DBAD/PUB 343.00 540 RAN EN-115183 1 343.00 English Books

© Delhi Public Library
Hit Counter
free hit counter